[Event "SVK-ch op"]
[Site "Banska Stiavnica"]
[Date "2013.07.06"]
[Round "1"]
[White "Rendla, Karol"]
[Black "Adamciak, Tomas"]
[Result "0-1"]
[WhiteElo "1453"]
[BlackElo "1853"]
[PlyCount "50"]
[EventDate "2013.07.06"]
[EventType "swiss"]
[EventRounds "9"]
[EventCountry "SVK"]
[SourceTitle "CBM 155 Extra"]
[Source "ChessBase"]
[SourceDate "2013.08.26"]
[SourceVersion "1"]
[SourceVersionDate "2013.08.26"]
[SourceQuality "1"]

1. e4 c5 2. Bc4 Nc6 3. a3 e6 4. h3 Nf6 5. d3 d5 6. exd5 exd5 7. Ba2 Qc7 8. Nf3 h6 9. Qe2+ Be6 10. Bd2 Qb6 11. b3 Bd6 12. Nc3 0-0 13. 0-0 Rfe8 14. Qd1 Bf5 15. Qc1 d4 16. Na4 Qc7 17. Bb1 Re2 18. c3 Nd5 19. Nb2 dxc3 20. Bxc3 Bf4 21. Bd2 Bxd2 22. Nxd2 Nd4 23. Nbc4 b5 24. Ne3 Nxe3 25. fxe3 Qg3 0-1